000 00710nam a22002417a 4500
001 00004741
003 DO-SdBNP
005 20180130144834.0
007 00004741
008 160523b 1984 nyu xxu||||| |||| 00| 0 spa d
020 _a0590431455
040 _aBPMSU
_bspa
_cBPMSU
092 _axxxxx
_bxxxxx
100 1 _aSorensen, Virginia,
_d1912-1991.
245 1 0 _aMiracles on Maple Hill /
_cVirginia Sorensen ; illustrated by Beth and Joe Krush.
260 _aNew York :
_bScholastic.
_c1984.
300 _a180 p. :
_bill. ;
_c22 cm.
700 1 _aKrush, Beth
700 1 _aKrush, Joe
942 _2ddc
_cBK
945 _aInventariado, 2018 / BT
956 _2LOPEREZ
_310
_6BPMSU
_820160522
_a00041
999 _c10190
_d10190